00632nam a2200181 a 450000100100000000500170001000800410002704000250006808200100009310000330010324500800013626000260021630000310024250000320027350000210030595201090032699900150043500000502020200929151547.0090729s1999 dr c 001 spa d aDO-SdBNPbspacBNPHU aG643p1 aGonzález, Orángel91446510aPolicía y delincuencia :bensayo criminológico /cOrángel González. aSanto Domingo,c1999. a106 p. :bretrs. ;c21 cm. aIncluye datos biográficos aIncluye índice 0010718PDaPDbPDcCTd2009-07-29iLF1l0oG643p p5020-10r2020-06-25w2020-06-25yLFPDZNo se presta c4825d4825